000
00264nam a2200109Ia 4500
008
220204s9999 xx 000 0 und d
082
_a
82-3MB
_b
LEW
100
_a
Lewty, Marjorie
245
2
_a
A Certain smile
260
_a
London
_b
Mills and Boon
_c
1979
942
_c
BK
999
_c
35706
_d
35706